Phát triển năng lực giải mã và kiến tạo nghĩa cho văn bản văn chương của học sinh THPT bằng mô hình dạy đọc dựa trên sự phản hồi của người đọc : Luận văn Thạc sĩ Khoa học Giáo dục. Chuyên ngành Lý luận và Phương pháp dạy học bộ môn Văn và Tiếng Việt

Nghiên cứu hiệu quả của mô hình dạy đọc dựa trên sự phản hồi của người đọc đối với việc phát triển năng lực kiến tạo nghĩa cho văn bản văn chương của học sinh.

Đã lưu trong:
書目詳細資料
主要作者: Trịnh, Thị Thanh Hà
格式: 圖書
語言:Undetermined
出版: Cần Thơ Trường Đại học Cần Thơ 2018
主題:
標簽: 添加標簽
沒有標簽, 成為第一個標記此記錄!
Thư viện lưu trữ: Trung tâm Học liệu Trường Đại học Cần Thơ
LEADER 01368nam a2200229Ia 4500
001 CTU_228959
008 210402s9999 xx 000 0 und d
082 |a 495.9220712 
082 |b H100 
088 |a 8140111 
100 |a Trịnh, Thị Thanh Hà 
245 0 |a Phát triển năng lực giải mã và kiến tạo nghĩa cho văn bản văn chương của học sinh THPT bằng mô hình dạy đọc dựa trên sự phản hồi của người đọc : 
245 0 |b Luận văn Thạc sĩ Khoa học Giáo dục. Chuyên ngành Lý luận và Phương pháp dạy học bộ môn Văn và Tiếng Việt 
245 0 |c Trịnh Thị Thanh Hà ; Nguyễn Thị Hồng Nam (Hướng dẫn khoa học) 
260 |a Cần Thơ 
260 |b Trường Đại học Cần Thơ 
260 |c 2018 
520 |a Nghiên cứu hiệu quả của mô hình dạy đọc dựa trên sự phản hồi của người đọc đối với việc phát triển năng lực kiến tạo nghĩa cho văn bản văn chương của học sinh. 
650 |a Vietnamese philology,Ngữ văn Việt Nam 
650 |x Research,Study and teaching,Dạy và học,Nghiên cứu 
910 |b nthai 
980 |a Trung tâm Học liệu Trường Đại học Cần Thơ